000
00352nam a2200157Ia 4500
100
_a
Donovan/ H. Ed.
650
_a
General
942
_c
RB
654
_a
Fabulous century
245
_a
This fabulous century 1870-1900
260
_b
Time-life books
_a
New Jersey
_c
1974
082
_a
970.05
_b
Tim
300
_a
290
546
_a
ENGLISH
999
_c
28310
_d
28310